[Event "Warsaw Maciei Memorial"]
[Site "Warsaw"]
[Date "2023.07.10"]
[Round "1"]
[White "Mueck, Piotr"]
[Black "Kokoszczynski, Jan"]
[Result "0-1"]
[WhiteElo "1331"]
[BlackElo "2247"]
[PlyCount "96"]
[EventDate "2023.07.10"]
[EventType "swiss (blitz)"]
[EventRounds "11"]
[EventCountry "POL"]
[SourceTitle "CBM 215 Extra"]
[Source "ChessBase"]
[SourceDate "2023.09.30"]
[SourceVersion "1"]
[SourceVersionDate "2023.09.30"]
[SourceQuality "1"]

1. d4 d5 2. Nf3 c6 3. c4 Nf6 4. Nc3 e6 5. e3 Nbd7 6. Bd3 dxc4 7. Bxc4 b5 8. Bd3 a6 9. 0-0 Bb7 10. b3 Bd6 11. Bb2 0-0 12. h3 Rc8 13. Rc1 Qe7 14. Bb1 Rfd8 15. Qe2 e5 16. dxe5 Nxe5 17. Nxe5 Bxe5 18. Rfd1 c5 19. Rxd8+ Rxd8 20. Rd1 Re8 21. Qd3 g6 22. Na4 bxa4 23. Bxe5 Qxe5 24. Qd6 Qxd6 25. Rxd6 Ne4 26. Rd7 Bc6 27. Rc7 Bb5 28. bxa4 Bxa4 29. Bxe4 Rxe4 30. Rxc5 Bb5 31. Rc3 Rb4 32. a3 Rb2 33. e4 h5 34. f3 Kf8 35. f4 Ke7 36. e5 Kd7 37. g4 hxg4 38. hxg4 Rd2 39. f5 Rd4 40. Rg3 g5 41. Kf2 Rf4+ 42. Ke3 Bc6 43. Kd3 Bf3 44. Ke3 Bxg4 45. Rg1 Bxf5 46. Rxg5 Re4+ 47. Kf3 Ke6 48. Rh5 Bg4+ 0-1